000
00233nam a2200097Ia 4500
001
679699
005
20250826161101.0
008
250824s9999 xx 000 0 und d
245
0
_a
UZAKTA
_c
MİNE SOYSAL
260
_b
GÜNIŞIĞI YAYINLARI
999
_c
679699
_d
679699